| 000 -LEADER |
| fixed length control field |
00308cam a22001097a 4500 |
| 008 - FIXED-LENGTH DATA ELEMENTS--GENERAL INFORMATION |
| fixed length control field |
180718b1975 xxu||||| |||| 00| 0 eng d |
| 082 ## - DEWEY DECIMAL CLASSIFICATION NUMBER |
| Classification number |
L23x42 Un31 |
| 245 ## - TITLE STATEMENT |
| Title |
Select Committee on a Wealth Tax |
| 260 ## - PUBLICATION, DISTRIBUTION, ETC. |
| Place of publication, distribution, etc. |
London |
| Name of publisher, distributor, etc. |
HMSO |
| Date of publication, distribution, etc. |
1975 |
| 500 ## - GENERAL NOTE |
| General note |
Contents: Session 1974/75 |
| 650 ## - SUBJECT ADDED ENTRY--TOPICAL TERM |
| Topical term or geographic name entry element |
Wealth tax -- United Kingdom |